Digitálny marketing vo vybranej spoločnosti bakalárska práca

Saved in:
Bibliographic Details
Main Author: Brinzová, Ivana
Corporate Author: Obchodná fakulta EU. Katedra marketingu
Other Authors: Oláh, Ľuboš
Format: Book
Language:Slovak
Published: Bratislava 2018
Tags: Add Tag
No Tags, Be the first to tag this record!

MARC

LEADER 00000nbm a2200000 4500
001 0245077
005 20180815082549.2
041 0 |a slo 
044 |a SK 
245 1 0 |a Digitálny marketing vo vybranej spoločnosti  |b bakalárska práca  |c Ivana Brinzová ; školiteľ: Ľuboš Oláh 
264 1 |a Bratislava  |c 2018 
300 |a 49 s. 
100 1 |a Brinzová, Ivana 
700 1 |a Oláh, Ľuboš 
710 2 |a Obchodná fakulta EU. Katedra marketingu